000
00324nam a2200133Ia 4500
005
20260326100027.0
008
260326s9999||||xx |||||||||||||| ||und||
100
_a
D'Ors, Victor
245
0
_a
Arquitectura y Humanismo /
_c
Victor D'Ors
260
_b
Labor
300
_a
154 p.
650
_a
ARQUITECTURA-GENERAL
942
_c
BK
999
_c
6447
_d
6447